|
|
|
|
| LEADER |
00969nam a2200241 a 4500 |
| 001 |
00025487 |
| 008 |
120705r19981996enka j 000 1 eng |
| 020 |
|
|
|a 0521468779(paperback)
|
| 020 |
|
|
|a 9780521468770
|
| 040 |
|
|
|a BD-DhAAL
|c BD-DhAAL
|
| 082 |
0 |
4 |
|a 428.6
|2 20
|
| 100 |
1 |
|
|a Kerven, Rosalind.
|
| 245 |
1 |
0 |
|a Coyote girl /
|c Rosalind Kerven ; illustrated by Amanda Hall.
|
| 260 |
|
|
|a Cambridge :
|b Cambridge University Press,
|c c1996.[reprinted 1998]
|
| 300 |
|
|
|a 32 p. :
|b col. ill. ;
|c 23 cm.
|
| 490 |
0 |
|
|a Cambridge reading
|
| 541 |
1 |
|
|e 00025487
|
| 650 |
|
0 |
|a Readers
|x Juvenile literature.
|
| 653 |
|
1 |
|a English language
|a Reading books
|
| 700 |
1 |
|
|a Hall, Amanda.
|
| 852 |
1 |
|
|a Ayesha Abed library
|c General Shelf
|
| 999 |
|
|
|c 12514
|d 12514
|
| 952 |
|
|
|0 0
|1 0
|2 ddc
|4 0
|6 428_600000000000000_KER
|7 0
|9 20667
|a BRACUL
|b BRACUL
|c GEN
|d 2012-07-05
|e karim International
|g 85.00
|l 3
|o 428.6 KER
|p 3010025487
|r 2025-11-04
|s 2025-11-02
|t 1
|w 2012-07-05
|y BK
|x Transferred from BIL to BRACUL on 06/06/22
|